UM Logo

Fundamentals of Argument Analysis / (Record no. 13431)

MARC details
000 -LEADER
fixed length control field 00702nam a22002057a 4500
008 - FIXED-LENGTH DATA ELEMENTS--GENERAL INFORMATION
fixed length control field 190314b ||||| |||| 00| 0 eng d
020 ## - INTERNATIONAL STANDARD BOOK NUMBER
International Standard Book Number 9781938421068
082 ## - DEWEY DECIMAL CLASSIFICATION NUMBER
Edition number 2013
Classification number AV-Eb 160
Item number E645
100 ## - MAIN ENTRY--PERSONAL NAME
Personal name Epstein, Richard L.
9 (RLIN) 37580
245 ## - TITLE STATEMENT
Title Fundamentals of Argument Analysis /
Statement of responsibility, etc. Richard L Epstein
260 ## - PUBLICATION, DISTRIBUTION, ETC. (IMPRINT)
Name of publisher, distributor, etc. Advanced Reasoning Forum,
Date of publication, distribution, etc. ©2013.
300 ## - PHYSICAL DESCRIPTION
Extent 229 pages;
440 ## - SERIES STATEMENT/ADDED ENTRY--TITLE
Title Essays on Logic as the Art of Reasoning Well
9 (RLIN) 37581
500 ## - GENERAL NOTE
General note Includes index.
650 ## - SUBJECT ADDED ENTRY--TOPICAL TERM
Topical term or geographic name as entry element Logic.
9 (RLIN) 37582
650 ## - SUBJECT ADDED ENTRY--TOPICAL TERM
Topical term or geographic name as entry element Reasoning.
9 (RLIN) 37583
700 ## - ADDED ENTRY--PERSONAL NAME
Personal name Epstein, Richard L.
9 (RLIN) 37580
856 ## - ELECTRONIC LOCATION AND ACCESS
Link text https://ebookcentral.proquest.com/lib/uniofmindanao-ebooks/detail.action?docID=2051148
942 ## - ADDED ENTRY ELEMENTS (KOHA)
Source of classification or shelving scheme Dewey Decimal Classification
Koha item type Ebooks
Holdings
Withdrawn status Lost status Source of classification or shelving scheme Damaged status Not for loan Home library Current library Shelving location Date acquired Source of acquisition Total Checkouts Full call number Barcode Date last seen Copy number Price effective from Koha item type
    Dewey Decimal Classification     UM Digos College - LIC UM Digos College - LIC Processing Center 03/14/2019 Downloaded   AV-Eb 160 E645 Eb076 03/14/2019 1 03/14/2019 Ebooks